00903nam a2200205 a 4500090001600000041000800016100003000024245007400054260005100128300001100179520030000190650002200490650002600512650002400538650004600562650002400608650003500632945001500667999001500682 aIAVHb00625 aspa aArango Caro, Sandra94865 aEcología y etnobotánica de plantas útiles de la Región Andina aBogotabInstituto Alexander von Humboldtc2005 a11 p. aSe compiló y sistematizó la información secundaria sobre la ecología y etnobotánica de especies seleccionadas de la región andina, de interés para los planes de uso sostenible y para implementar herramientas de manejo del paisaje como cercos vivos, corredores biológicos y otras. aEcología992250 aEtnobotánica992498 aUso sostenible9344 aHerramientas de Manejo del Paisaje992481 aCercos vivos979916 aCorredores biológicos992432 d2007-08-16 c6130d6130